Metodología de análisis geotécnica para la zonificación de la susceptibilidad ante deslizamientos en una cuenca hidrológica
Guardado en:
| Autor principal: | |
|---|---|
| Otros Autores: | |
| Formato: | Libro |
| Publicado: |
[San José], Costa Rica
2010
|
| Materias: | |
| Etiquetas: |
Agregar Etiqueta
Sin Etiquetas, Sea el primero en etiquetar este registro!
|
MARC
| LEADER | 00000nam a2200000Ia 4500 | ||
|---|---|---|---|
| 003 | 010238 | ||
| 005 | 20230927095703.0 | ||
| 008 | 140114s2010 cr a 000 ||s d | ||
| 040 | |c cru CEDI | ||
| 090 | |a TFG 6292 | ||
| 100 | |a Castillo Cerdas, José Luis, 1980 |9 1641 | ||
| 245 | |a Metodología de análisis geotécnica para la zonificación de la susceptibilidad ante deslizamientos en una cuenca hidrológica | ||
| 260 | |a [San José], Costa Rica |c 2010 | ||
| 500 | |a Proyecto de graduación (licenciatura en ingeniería civil)--Universidad de Costa Rica. Facultad de Ingeniería. Escuela de Ingeniería Civil | ||
| 501 | |a Director de Proyecto de Graduación: Ing. Marco Valverde Mora, MSc. | ||
| 650 | |x DESPRENDIMIENTOS DE TIERRAS - CUENCA DEL RIO DAMAS (COSTA RICA) |x GEOMORFOLOGIA |x ESTABILIZACION DE SUELOS - EVALUACION |x PERCEPCION DE RIESGOS |x ZONAS URBANAS |x SISTEMAS DE INFORMACION GEOGRAFICA |9 2749 | ||
| 700 | |9 136 |a Valverde Mora, Marco Antonio, 1974- |d Director del TFG | ||
| 942 | |c CEDI | ||
| 999 | |c 15912 |d 15912 | ||
